| 000 | 01408nam0a2200337 4500 | ||
|---|---|---|---|
| 001 | RU\NLR\bibl\1525606 | ||
| 005 | 20260503063850.0 | ||
| 010 |
_a978-5-699-42196-1 _94000 |
||
| 021 |
_aRU _b2010-42359 _9238д/2010 |
||
| 035 | _a(NLR Aleph) 001516953 | ||
| 090 |
_a116051 _c116051 |
||
| 100 | _a20100622d2010 |||y0rusy50 ca | ||
| 101 | 1 |
_arus _cfre |
|
| 102 | _aRU | ||
| 105 | _aa ||||||||| | ||
| 200 | 1 |
_aСевер против Юга _aФлаг Родины _e[романы] _fЖюль Верн _g[пер. с фр. В. Гурович, О. Моисеенко _gил. П. Луганского] |
|
| 210 |
_aМосква _cЭксмо _d2010 |
||
| 215 |
_a604, [2] с. _cил. _d21 |
||
| 225 | 1 |
_aОтцы-основатели _fсост. Д. Байкалов |
|
| 300 | _aЗагл. обл.: Флаг Родины | ||
| 320 | _aДр. произведения авт.: с. 2 | ||
| 512 | 1 |
_6z01790 _aФлаг Родины |
|
| 686 | _aШ6(4Фр)57-440.4{Лх1647-45} | ||
| 700 | 1 |
_4070 _7ca _8rus _aВерн _bЖ. _f1828-1905 _gЖюль _9113449 _3RU\NLR\auth\773453 |
|
| 702 | 1 |
_4040 _aЛуганский _bП. И. _cхудожник _f1911-1993 _gПетр Иванович _9127562 _3RU\NLR\AUTH\770127587 |
|
| 790 | 1 |
_4070 _7ca _8rus _aВерн _bЖ. _f1828-1905 _gЖюль _9113449 _3RU\NLR\auth\773453 |
|
| 801 | 0 |
_aRU _bNLR _c20100622 _gRCR |
|
| 801 | 1 |
_aRU _bNLR _c20100622 |
|
| 942 | _cBOOK | ||
| 980 | _aNB | ||